| 000 | 00529cam a22002171 4500 | ||
|---|---|---|---|
| 001 | sa 65009290 | ||
| 003 | DLC | ||
| 005 | 20260227112200.0 | ||
| 008 | 920116s1964 ii 000 0 eng | ||
| 010 | _asa 65009290 | ||
| 035 | _a(OCoLC)25122819 | ||
| 040 |
_aDLC _cCU _dDLC |
||
| 042 | _apremarc | ||
| 050 | 0 | 0 |
_aBL1210 _b.C53 |
| 100 | 1 | _aChatterjee, Siddhartha. | |
| 245 | 1 | 0 | _aGleanings from Indian mythology. |
| 250 | _a[1st ed. | ||
| 260 |
_aNagpur, _c1964] |
||
| 300 |
_a74 p. _c19 cm. |
||
| 650 | 0 | _aHindu mythology. | |
| 999 |
_c66119 _d66119 |
||